Quizzes
Events
Quiz Creation
Community
Videos
Private Events
Remove Ads
Sign In
Join for FREE
Feedback
Dark Mode
Quiz Categories
Sports
Geography
Music
Movies
Television
Just For Fun
Miscellaneous
History
Literature
Language
Science
Gaming
Entertainment
Religion
Holiday
For Kids
Quiz Lab
Recent
Popular Today
Quiz Kudos Today
Editor Picks
Curator Picks
Quizzes by...
Day
Popularity
Type
Ratings
Length
Year
Community
Subscriptions
Recent Discussions
Orange Saloon
Badges
Playlists
Quests
Create
Leaderboards
Showdown
Live 5
Trivia Bingo
Activity
Puzzle Library
Sporcle Events
Private Events
Virtual Trivia
Globe League
Become a Host
Pub Owners
SporcleCon
Opinionation
Our Games
Videos
Blog
Mobile Apps
Partnerships
Remove Ads and Go Orange
Feedback
Geography
Country
Landmarks
City
State
Population
World
Capital
Continent
Flags
Europe
Africa
Asia
South America
North America
Oceania
Border
Canada
United Kingdom
Topography
United States
Geography
Country
Landmarks
City
State
Population
World
Capital
Continent
Flags
Europe
Africa
Asia
South America
North America
Oceania
Border
Canada
United Kingdom
Topography
United States
Random Quiz
Search Sporcle
×
Quiz Lab
Quiz Lab
Geography
United States
Type in answers that appear in a list
Type in answers that appear in a list
Classic
Best Score? Go Orange.
Busiest Airports in Each US State Stats
Can you name the Three Busiest Airports in Each US State (use city, airport name or 3 letter code)?
By
friscocali
15m
150 Questions
4,348 Plays
4,348 Plays
4,348 Plays
Comments
Comments
Give Quiz Kudos
Give Quiz Kudos
-
- Ratings
hide this ad
More Info
Replay
Link that replays current quiz
Next Quiz
Link to next quiz in quiz playlist
You Got
0%
They Got
Avg Score
55%
Avg Friend Score
Upgrade to see
Score Distribution
Jump to the score distribution portion of the page
Score
0/150
Timer
15:00
0
Plays Today
State
Airport Code
% Correct
California
LAX
89.7%
Arizona
PHX
87.8%
California
SAN
86.3%
Colorado
DEN
86%
Georgia
ATL
84.7%
Florida
MIA
84.6%
Alaska
ANC
84.5%
California
SFO
83.7%
Illinois
ORD
83.7%
New York
JFK
83.3%
Massachusetts
BOS
83%
Florida
MCO
80.3%
Oregon
PDX
80.1%
New York
LGA
79.8%
Michigan
DTW
79.7%
Arkansas
LIT
79.4%
Texas
DFW
79.3%
Illinois
MDW
79.3%
Maryland
BWI
79%
Nevada
LAS
78.9%
Connecticut
BDL
78.7%
Louisiana
MSY
78.6%
Minnesota
MSP
78.3%
Alabama
BHM
78.2%
Pennsylvania
PHL
78.2%
Hawaii
HNL
78.1%
New Jersey
EWR
77.9%
Arizona
TUS
77.6%
Pennsylvania
PIT
77.6%
Indiana
IND
77.5%
Ohio
CLE
76.5%
Missouri
MCI
76.1%
Oklahoma
OKC
76.1%
Alaska
JNU
76%
Washington
SEA
75.7%
Maine
PWM
75.2%
Idaho
BOI
74.3%
Utah
SLC
74.2%
Wyoming
JAC
74.1%
Kentucky
CVG
74%
North Carolina
CLT
73.8%
Texas
HOU
73.7%
Ohio
CMH
73.5%
Tennessee
MEM
73.3%
Tennessee
BNA
73.1%
Colorado
COS
73.1%
Missouri
STL
73%
Alabama
MOB
72.4%
Rhode Island
PVD
72.2%
Virginia
IAD
71.3%
State
Airport Code
% Correct
Kentucky
SDF
70.7%
Mississippi
JAN
70.5%
Iowa
DSM
70.4%
North Carolina
RDU
70.3%
Alaska
FAI
70.2%
Nevada
RNO
69.8%
Louisiana
BTR
69.6%
Delaware
DOV
69%
South Carolina
CHS
69%
Nebraska
OMA
68.9%
Oklahoma
TUL
67.6%
Virginia
DCA
66.9%
New York
BUF
66.6%
New Mexico
ABQ
66.5%
West Virginia
CRW
66.3%
Wisconsin
MKE
65.9%
Montana
BIL
64.4%
Missouri
SGF
64.1%
Florida
FLL
64.1%
Georgia
SAV
63.8%
Kentucky
LEX
63.2%
Nebraska
LNK
62.8%
North Dakota
FAR
62.5%
Georgia
AGS
61.9%
Wisconsin
MSN
60.7%
Kansas
TOP
59.5%
North Dakota
BIS
59.4%
Kansas
ICT
59.3%
New Mexico
SAF
59.2%
Delaware
ILG
58.2%
Michigan
GRR
58.1%
Tennessee
TYS
57.4%
Connecticut
HVN
55.9%
Oregon
EUG
55.6%
New Hampshire
MHT
55.6%
South Dakota
FSD
54.7%
Alabama
HSV
54.5%
Virginia
ORF
54.2%
Washington
GEG
54.1%
Maine
BGR
53%
Texas
IAH
52.8%
Vermont
BTV
52.7%
Ohio
DAY
52.3%
Wisconsin
GRB
51.8%
Louisiana
SHV
51.4%
Pennsylvania
MDT
51.3%
Indiana
FWA
50.9%
Hawaii
OGG
50.7%
Arkansas
XNA
50.6%
Minnesota
DLH
50.6%
State
Airport Code
% Correct
North Carolina
GSO
47.8%
Mississippi
GPT
46.4%
Indiana
SBN
45.1%
New Jersey
ACY
45%
Iowa
CID
44.5%
Minnesota
RST
43.1%
Michigan
FNT
42%
Idaho
IDA
41.5%
Montana
MSO
40%
South Carolina
GSP
39.7%
Illinois
MLI
38.8%
South Carolina
MYR
38.4%
Vermont
MPV
38.3%
South Dakota
RAP
37.5%
Wyoming
CPR
36.2%
Montana
BZN
35.2%
Arkansas
FSM
35.2%
Colorado
EGE
33.9%
Hawaii
KOA
30.8%
West Virginia
HTS
29.8%
Oklahoma
LAW
28.5%
Arizona
GCN
28.3%
North Dakota
GFK
28.1%
Utah
SGU
26.7%
Massachusetts
ACK
25.8%
Kansas
MHK
25.6%
Wyoming
COD
23.3%
Oregon
MFR
23.2%
Iowa
DBQ
23%
Maryland
SBY
23%
Maryland
HGR
20.6%
Mississippi
TUP
18.9%
New Hampshire
PSM
18.8%
South Dakota
ABR
18.3%
Massachusetts
HYA
17.7%
Idaho
SUN
17.2%
Vermont
RUT
16.5%
New Jersey
TEB
15.9%
Nevada
VGT
15.3%
Washington
PSC
15.3%
Connecticut
DXR
13.9%
Maine
PQI
13.8%
New Mexico
FMN
12.7%
Nebraska
BFF
12.6%
Rhode Island
BID
12.4%
New Hampshire
LEB
9.8%
Delaware
GED
8.4%
Rhode Island
WST
7.8%
West Virginia
LWB
6%
Utah
ENV
5.3%
Quiz Playlist
Details
Report
Send in Message
Add To Playlist
More Info:
Busiest=Most Annual Passengers
Classic:
Type in answers that appear in a list
Quiz Source
Last Updated: Feb 16, 2017
Quiz Scoreboard
CHALLENGE
Sign Up to Join the Scoreboard
Show All
Scores
Hide
Comments
May contain spoilers
Recently Published
Click the 1999 NBA Draft
by nibperrychub
Sports
2m
Alphabetical 'K' Countries by Flag Minefield
by ylime102
Geography
3m
Pick 6: Fruits
by JohnFran
Miscellaneous
15s
More to Explore
Quiz From the Vault
Featured Blog Post
15 Basketball Trivia Facts You Can Be March Mad About
hide this ad
You Might Also Like...
Tags
City Quiz
Letter Quiz
State Quiz
United States Quiz
airport
code
three
Today's Top Quizzes in Geography
Browse Geography
hide this ad
Today's Top Quizzes in United States
Browse United States
Top Contributed Quizzes in Geography
1
Countries of the World - No Outlines Minefield
2
Pick 6: Mountains
3
Least Populated Answer: 'G' Countries
4
Alphabetical 'L' Countries By Flag Minefield
5
Lietuvos savivaldybės (Lithuanian Municipalities)
6
Alphabetical 'M' Countries By Flag Minefield
7
Pick 6: National Parks
8
Pick 6: US States
9
'A' Countries In Alphabetical Order by Flag
10
African Flag Reveal XXXVI
Explore More
Trending Topics
Kpop
NBA
Harry Potter
Marvel
Anime
Disney
Crossword
NFL
Song
Soccer
Pokémon
Country
The Office
WWE
Puzzle
hide this ad
More By:
friscocali
Quiz
Plays
Rating
Category
Featured
Created
Busiest Airports in Each US State
4,348
4.44
Geography
Jan 4, 2010
Airlines that Serve Heathrow
2,048
3.17
Just For Fun
Dec 1, 2009
Airlines that Serve JFK
791
2.67
Miscellaneous
Dec 1, 2009
First Lines of Songs (Goo Goo Dolls)
620
3.00
Music
Nov 16, 2009
World's Largest Airlines
561
3.00
Miscellaneous
Nov 16, 2009
Go to Creator's Profile
Score Distribution
Quiz Creator Spotlight
friscocali
Follow
Send a Message
Quizzes Created
-
Created Quiz Play Count
-
More By This Creator
Popular Quizzes Today
1
Countries of Asia Without Outlines Minefield
2
Find the US States - No Outlines Minefield
3
Pick 6: Fruits
4
Alphabetical 'K' Countries by Flag Minefield
5
The Countries of the World
6
Find the US States
7
Find the Countries of Europe - No Outlines Minefield
8
US States
More Geography Quizzes
Acrostic Latin America
Curator's Pick
Trending Quizzes
Pick 6: Mountains
Pick 6: Harry Potter
Pick 6: Flags
Pick 6: NFL Teams
Pick 6: Movie Franchises
Recently Updated
NWSL Teams
pecheneg
Women's Final Four Teams by Year
bhenderson79
Presidents Quartet II
eogle
Anything But Clue(do)
eogle
Anything But Oceanian Capitals
eogle
Anything But 7
eogle
Anything But Thing
eogle
Word Ladder: February 29
pecheneg
Song Title Questions
pecheneg
Women's NCAA Tournament #1 Seeds
pecheneg
Trending Topics
Marvel
Kpop
Harry Potter
Disney
NBA
Anime
Crossword
Country
Soccer
The Office
Puzzle
NFL
Song
WWE
Pokémon
Your Account Isn't Verified!
In order to create a playlist on Sporcle, you need to verify the email address you used during registration. Go to your
Sporcle Settings
to finish the process.
Report this User
Report this user for behavior that violates our
Community Guidelines
.
Details:
Send Report
Go to the Sporcle.com Mobile Site →
Comments